Statystyki dla Mapa świata bez 5 losowych krajów

Kliknij tutaj aby rozwiązać quiz!

Ogólne statystyki

  • Ten quiz został rozwiązany 112 razy
  • Średni wynik to 3 z 5

Odpowiedzi na mapie

Odpowiedzi skodowane kolorowo w zielono-czerwonej skali na mapie do tego quizu, zgodnie z poniższymi procentami.
 

Statystyki odpowiedzi

kraj% Poprawnych
Algieria
100%
Angola
100%
Arabia Saudyjska
100%
Australia
100%
Austria
100%
Belgia
100%
Benin
100%
Białoruś
100%
Boliwia
100%
Botswana
100%
Bułgaria
100%
Chiny
100%
Czad
100%
Dominikana
100%
Egipt
100%
Eswatini
100%
Etiopia
100%
Ghana
100%
Gwatemala
100%
Honduras
100%
Indie
100%
Iran
100%
Japonia
100%
Jordania
100%
Kambodża
100%
Kanada
100%
Kazachstan
100%
Kenia
100%
Kirgistan
100%
Korea Północna
100%
Kosowo
100%
Kostaryka
100%
Litwa
100%
Macedonia Północna
100%
Madagaskar
100%
Malezja
100%
Mali
100%
Mauretania
100%
Meksyk
100%
Mołdawia
100%
Mongolia
100%
Nepal
100%
Niemcy
100%
Nigeria
100%
Norwegia
100%
Polska
100%
Portugalia
100%
Republika Południowej Afryki
100%
Republika Środkowoafrykańska
100%
Rumunia
100%
Salwador
100%
Samoa
100%
Seszele
100%
Słowacja
100%
Sri Lanka
100%
Stany Zjednoczone
100%
Sudan Południowy
100%
Surinam
100%
Szwajcaria
100%
Szwecja
100%
Tadżykistan
100%
Uganda
100%
Ukraina
100%
Urugwaj
100%
Uzbekistan
100%
Węgry
100%
Wenezuela
100%
Wielka Brytania
100%
Włochy
100%
Wyspy Salomona
100%
Zambia
100%
Zimbabwe
100%
Bośnia i Hercegowina
80%
Gujana
80%
Bangladesz
67%
Nikaragua
67%
Panama
67%
Paragwaj
67%
Azerbejdżan
50%
Belize
50%
Brazylia
50%
Dania
50%
Filipiny
50%
Gabon
50%
Gwinea
50%
Kolumbia
50%
Laos
50%
Liberia
50%
Malawi
50%
Malediwy
50%
Maroko
50%
Namibia
50%
Peru
50%
Rwanda
50%
Somalia
50%
Tajlandia
50%
Tunezja
50%
Vanuatu
50%
Wietnam
50%
Zjednoczone Emiraty Arabskie
50%
Komory
33%
Malta
33%
Nowa Zelandia
33%
Tajwan
33%
Gruzja
25%
Gwinea Bissau
25%
Mikronezja
25%
Papua-Nowa Gwinea
25%
Afganistan
0%
Albania
0%
Argentyna
0%
Armenia
0%
Bahamy
0%
Burkina Faso
0%
Burundi
0%
Cabo Verde
0%
Chile
0%
Chorwacja
0%
Czechy
0%
Demokratyczna Republika Konga
0%
Demokratyczna Republika Konga
0%
Ekwador
0%
Erytrea
0%
Estonia
0%
Fidżi
0%
Finlandia
0%
Francja
0%
Grecja
0%
Gwinea Równikowa
0%
Haiti
0%
Hiszpania
0%
Holandia
0%
Indonezja
0%
Irak
0%
Irlandia
0%
Islandia
0%
Izrael
0%
Jamajka
0%
Jemen
0%
Kamerun
0%
Kiribati
0%
Korea Południowa
0%
Kuba
0%
Kuwejt
0%
Lesotho
0%
Libia
0%
Łotwa
0%
Mauritius
0%
Mjanma
0%
Mozambik
0%
Nauru
0%
Niger
0%
Oman
0%
Pakistan
0%
Palau
0%
Rosja
0%
Senegal
0%
Serbia
0%
Sierra Leone
0%
Słowenia
0%
Sudan
0%
Syria
0%
Tanzania
0%
Togo
0%
Tonga
0%
Turcja
0%
Turkmenistan
0%
Tuvalu
0%
Wybrzeże Kości Słoniowej
0%
Wyspy Marshalla
0%
Wyspy Świętego Tomasza i Książeca
0%

Rozkład punktacji

Percentyl według liczby udzielonych odpowiedzi

Procent ludzi z każdym wynikiem

Twoja historia wyników

Nie rozwiązałeś tego quizu